Gay midlife and maturity /

সংরক্ষণ করুন:
গ্রন্থ-পঞ্জীর বিবরন
প্রধান লেখক: Lee, John Alan (লেখক)
বিন্যাস: গ্রন্থ
ভাষা:ইংরেজি
প্রকাশিত: New York : Harrington Park, 1990
ট্যাগগুলো: ট্যাগ যুক্ত করুন
কোনো ট্যাগ নেই, প্রথমজন হিসাবে ট্যাগ করুন!

MARC

LEADER 00000nam a22000007i 4500
001 IT\ICCU\UBO\3546811
003 ItRI
005 20260115231828.0
008 081219s1990 xxu|||||| ||||| |||||c
020 |a 0918393809 
040 |b ita  |c importazione bologna sebina 
041 7 |a eng  |2 ISO-639-2 
100 1 |a Lee, John Alan  |0 IT\ICCU\UBOV\297674  |4 aut 
245 1 0 |a Gay midlife and maturity /  |c John Alan Lee. 
260 |a New York :  |b Harrington Park,  |c 1990 
300 |a xix, 233 p. ;  |c 22 cm. 
942 |2 ddc  |c BK  |n 0 
952 |0 0  |1 0  |4 0  |6 DOC_306_766000000000000_LEE  |7 0  |9 13692  |a BO  |b BO  |d 2026-01-15  |i 2713  |l 0  |o DOC 306.766 LEE  |p BO2713  |r 2026-01-15 23:18:28  |w 2026-01-15  |x [Sebina 5] [1 v.]  |y BK  |z 1 v. 
999 |c 11773  |d 11773